[Event "16th TCh-RUS Premier"]
[Site "Dagomys RUS"]
[Date "2009.04.07"]
[Round "4"]
[White "Tiviakov,S"]
[Black "Eljanov,P"]
[Result "1/2-1/2"]
[WhiteElo "2697"]
[BlackElo "2693"]
[EventDate "2009.04.04"]

1. e4 e5 2. Bc4 Nf6 3. d3 Nc6 4. Nf3 Bc5 5. c3 d6 6. Bb3 a6 7. O-O Ba7 8.
Be3 O-O 9. Nbd2 h6 10. h3 Re8 11. Re1 Bxe3 12. Rxe3 Ne7 13. d4 Ng6 14. a4
Bd7 15. a5 Bc6 16. Ba4 Qd7 17. Bxc6 Qxc6 18. Qa4 Qd7 19. Qxd7 Nxd7 20. Ra3
Nf4 21. h4 exd4 22. Nxd4 Nc5 23. g3 Ng6 24. f4 h5 25. Kf2 Nf8 26. Kf3 g6
27. N4b3 Ncd7 28. Ra4 Ne6 29. Ra1 Nf6 30. Re2 Rad8 31. Nd4 Nc5 32. b4 Ncd7
33. Nc2 Re6 34. Rae1 1/2-1/2

[Event "16th TCh-RUS Premier"]
[Site "Dagomys RUS"]
[Date "2009.04.07"]
[Round "4"]
[White "Amonatov,F"]
[Black "Roiz,M"]
[Result "1/2-1/2"]
[WhiteElo "2648"]
[BlackElo "2635"]
[EventDate "2009.04.04"]

1. e4 e6 2. d4 d5 3. Nc3 dxe4 4. Nxe4 Nd7 5. Nf3 Ngf6 6. Nxf6+ Nxf6 7. Bg5
h6 8. Be3 Bd6 9. Bd3 Bd7 10. Qe2 Nd5 11. Bd2 Qf6 12. O-O Nf4 13. Bxf4 Qxf4
14. Be4 O-O 15. c4 c5 16. Rad1 Bc6 17. Bxc6 bxc6 18. dxc5 Bxc5 19. Qe5 Qxe5
20. Nxe5 Rfc8 21. Rd7 f6 22. Nd3 Bf8 23. Nf4 e5 24. Ne6 Re8 25. Nxf8 Kxf8
26. Rfd1 Re7 27. Kf1 Ke8 28. R7d6 Rc7 29. Re6+ Kf7 30. Rdd6 Rb8 31. Rxc6
1/2-1/2

[Event "16th TCh-RUS Premier"]
[Site "Dagomys RUS"]
[Date "2009.04.07"]
[Round "4"]
[White "Grachev,B"]
[Black "Popov,Val"]
[Result "1-0"]
[WhiteElo "2652"]
[BlackElo "2570"]
[EventDate "2009.04.04"]

1. d4 Nf6 2. c4 g6 3. Nf3 Bg7 4. g3 O-O 5. Bg2 c6 6. O-O d5 7. Qb3 a5 8.
cxd5 a4 9. Qd1 Nxd5 10. e4 Nb6 11. Na3 N6d7 12. Qc2 b5 13. Be3 Bb7 14. Rfd1
Na6 15. Rac1 Rc8 16. Qd2 Re8 17. Bh6 e6 18. e5 Qb6 19. Bxg7 Kxg7 20. Ng5 c5
21. Qf4 Rf8 22. dxc5 Naxc5 23. Rd6 Qa7 24. Nxb5 Qa8 25. Rxd7 1-0

[Event "16th TCh-RUS Premier"]
[Site "Dagomys RUS"]
[Date "2009.04.07"]
[Round "4"]
[White "Movsesian,S"]
[Black "Ionov,S"]
[Result "1-0"]
[WhiteElo "2747"]
[BlackElo "2538"]
[EventDate "2009.04.04"]

1. e4 e6 2. d4 d5 3. e5 c5 4. c3 Qb6 5. Nf3 Bd7 6. Be2 Bb5 7. dxc5 Bxc5 8.
O-O Bxe2 9. Qxe2 Qa6 10. Qd2 Nh6 11. b4 Be7 12. Nd4 Nd7 13. Re1 Ng4 14. f4
h5 15. a4 g6 16. a5 b6 17. h3 Nh6 18. Na3 Nf5 19. Nab5 Rc8 20. Qd3 Kf8 21.
Nxf5 gxf5 22. Be3 Qb7 23. axb6 a6 24. Nd6 Bxd6 25. exd6 Rc4 26. Bd4 Rg8 27.
b5 axb5 28. Ra7 Qc6 29. b7 Nb8 30. Qe3 Ra4 31. Qe5 Ke8 32. Qf6 Qxd6 33. Ra8
Rf8 34. Rxb8+ Qxb8 35. Rxe6+ 1-0

[Event "16th TCh-RUS Premier"]
[Site "Dagomys RUS"]
[Date "2009.04.07"]
[Round "4"]
[White "Levin,Ev"]
[Black "Zvjaginsev,V"]
[Result "1/2-1/2"]
[WhiteElo "2456"]
[BlackElo "2635"]
[EventDate "2009.04.04"]

1. d4 Nf6 2. c4 c5 3. d5 b5 4. Nd2 bxc4 5. e4 Qa5 6. Qc2 Ba6 7. Bxc4 Bxc4
8. Qxc4 d6 9. Ngf3 g6 10. O-O Bg7 11. e5 dxe5 12. Nxe5 O-O 13. Ndf3 Qb4 14.
Qxb4 cxb4 15. Rd1 Rd8 16. Bg5 h6 17. Bxf6 Bxf6 18. Rd2 a5 19. Rad1 Nd7 20.
Nc6 Rdc8 21. Re2 Kf8 22. Kf1 Nb6 23. Nfe5 Rc7 24. d6 exd6 25. Rxd6 Kg7 26.
f4 h5 27. Kf2 Na4 28. Rd5 Nxb2 29. Rxb2 Rxc6 30. Nxc6 Bxb2 31. Rxa5 Rc8 32.
Nxb4 Bc3 33. Rb5 Ra8 34. Kf3 Bxb4 1/2-1/2

[Event "16th TCh-RUS Premier"]
[Site "Dagomys RUS"]
[Date "2009.04.07"]
[Round "4"]
[White "Sakaev,K"]
[Black "Lovkov,R"]
[Result "1-0"]
[WhiteElo "2627"]
[BlackElo "2436"]
[EventDate "2009.04.04"]

1. d4 d5 2. Nf3 Nf6 3. c4 c6 4. Nc3 dxc4 5. a4 Bf5 6. Ne5 Nbd7 7. Nxc4 Qc7
8. g3 e5 9. dxe5 Nxe5 10. Bf4 Nfd7 11. Bg2 g5 12. Bxe5 Nxe5 13. Qd4 f6 14.
Ne3 Bg6 15. a5 a6 16. Ne4 Be7 17. O-O h5 18. Rfd1 h4 19. Qc3 Bxe4 20. Bxe4
Bd6 21. Nf5 O-O-O 22. Qd4 Kb8 23. Nxd6 Nf7 24. Qxf6 Nxd6 25. Bg2 hxg3 26.
hxg3 Nf7 27. Rxd8+ Rxd8 28. Bf3 Rg8 29. b4 g4 30. Bg2 Rd8 31. Rc1 Ne5 32.
Qf4 Qd6 33. Be4 Ka8 34. Bg2 Rf8 35. Qe3 Rh8 36. Qc5 Qd2 37. Qc3 Qd6 38. Qc5
Qd2 39. Qc3 Qd6 40. Rb1 Rd8 41. Be4 Qf6 42. Kg2 Qe6 43. Rc1 Kb8 44. Qe3 Qd6
45. Qc5 Qe6 46. Rh1 Re8 47. Qd4 Nf7 48. Bd3 Ne5 49. Be4 Nf7 50. Bd3 Ne5 51.
Bb1 Ka8 52. Rh7 Qb3 53. Bf5 Qg8 54. Rc7 Qh8 55. Bxg4 Nxg4 56. Qxg4 Qe5 57.
Rd7 Rh8 58. Qd4 Qh5 59. Rd8+ 1-0

[Event "16th TCh-RUS Premier"]
[Site "Dagomys RUS"]
[Date "2009.04.07"]
[Round "4"]
[White "Ivanov,Al3"]
[Black "Efimenko,Z"]
[Result "0-1"]
[WhiteElo "2413"]
[BlackElo "2682"]
[EventDate "2009.04.04"]

1. e4 c5 2. Nf3 d6 3. d4 cxd4 4. Nxd4 Nf6 5. Nc3 a6 6. Be3 e5 7. Nb3 Be6 8.
f3 Nbd7 9. g4 Nb6 10. g5 Nh5 11. Qd2 Be7 12. O-O-O O-O 13. Rg1 Rc8 14. Kb1
Qc7 15. h4 g6 16. f4 exf4 17. Bxf4 Nxf4 18. Qxf4 Na4 19. Rg3 Nxc3+ 20. Rxc3
Qb6 21. Rg3 f6 22. Qd2 fxg5 23. hxg5 Qf2 24. Qxf2 Rxf2 25. Bd3 Kg7 26. Rh1
Bg8 27. Nd4 Bd8 28. c3 Bb6 29. Nc2 Rcf8 30. Nb4 Rd2 31. Bc2 Rff2 32. Rd1
Rxd1+ 33. Bxd1 Bc4 34. Bg4 a5 35. Nd5 Bd8 36. Bc8 b5 37. b3 Bf1 38. Ba6 Bg2
0-1

[Event "16th TCh-RUS Premier"]
[Site "Dagomys RUS"]
[Date "2009.04.07"]
[Round "4"]
[White "Yemelin,V"]
[Black "Pankov,Ger"]
[Result "1-0"]
[WhiteElo "2582"]
[BlackElo "2384"]
[EventDate "2009.04.04"]

1. e4 c5 2. Nf3 Nc6 3. d4 cxd4 4. Nxd4 g6 5. c4 Nf6 6. Nc3 d6 7. Nc2 Bg7 8.
Be2 O-O 9. O-O a5 10. Be3 a4 11. Rc1 Nd7 12. Na3 Nc5 13. Nab5 Qa5 14. Bd2
Qd8 15. Be3 Qa5 16. Qd2 Rd8 17. Rfd1 Be6 18. f3 Rdc8 19. g3 Qb4 20. Nd5
Qxd2 21. Rxd2 Bxd5 22. cxd5 Nb4 23. Bxc5 Na6 24. b4 dxc5 25. bxc5 Rxc5 26.
Rxc5 Nxc5 27. Kf2 Rc8 28. Ke3 f5 29. exf5 gxf5 30. Nd4 Rf8 31. f4 Ne4 32.
Rc2 Nd6 33. Rc7 Bf6 34. Nb5 Nxb5 35. Bxb5 a3 36. Bd3 Rb8 37. Bxf5 b5 38. d6
exd6 39. Bxh7+ Kh8 40. Bc2 d5 41. Rh7+ Kg8 42. Ra7 d4+ 43. Ke4 b4 44. g4
Rc8 45. Bb3+ Kh8 46. g5 Bg7 47. h4 Re8+ 48. Kf5 Rd8 49. Ke4 1-0

[Event "16th TCh-RUS Premier"]
[Site "Dagomys RUS"]
[Date "2009.04.07"]
[Round "4"]
[White "Serov,M"]
[Black "Turov,M"]
[Result "1/2-1/2"]
[WhiteElo "2340"]
[BlackElo "2582"]
[EventDate "2009.04.04"]

1. Nf3 Nf6 2. c4 e6 3. g3 a6 4. Bg2 b5 5. Na3 c6 6. b3 d5 7. O-O Bb7 8. Bb2
Nbd7 9. d3 Be7 10. e4 O-O 11. e5 Ne8 12. Qe2 c5 13. cxb5 Nc7 14. bxa6 Rxa6
15. Nc2 Qa8 16. a3 Rb8 17. Nd2 Bc6 18. Rab1 Rab6 19. Ba1 Qa6 20. a4 Qa5 21.
f4 f6 22. exf6 Bxf6 23. Bxf6 Nxf6 24. Rfc1 Be8 25. Ne3 Bg6 26. Bf1 Na6 27.
Qf2 Nb4 28. f5 exf5 29. Nxf5 Bxf5 30. Qxf5 Na2 31. Rc2 Nb4 32. Rcc1 Na2 33.
Rc2 Nb4 34. Rcc1 1/2-1/2

[Event "16th TCh-RUS Premier"]
[Site "Dagomys RUS"]
[Date "2009.04.08"]
[Round "5"]
[White "Ionov,S"]
[Black "Belov,Vl"]
[Result "1/2-1/2"]
[WhiteElo "2538"]
[BlackElo "2623"]
[EventDate "2009.04.04"]

1. d4 Nf6 2. c4 e6 3. Nf3 d5 4. Nc3 Be7 5. Bg5 h6 6. Bh4 O-O 7. e3 b6 8.
Be2 Bb7 9. Bxf6 Bxf6 10. cxd5 exd5 11. b4 c5 12. bxc5 bxc5 13. Rb1 Bc6 14.
O-O Nd7 15. Bb5 Qc7 16. Qd3 Rfc8 17. Rfd1 1/2-1/2

[Event "16th TCh-RUS Premier"]
[Site "Dagomys RUS"]
[Date "2009.04.08"]
[Round "5"]
[White "Chadaev,N"]
[Black "Lanin,A"]
[Result "1-0"]
[WhiteElo "2557"]
[BlackElo "2457"]
[EventDate "2009.04.04"]

1. c4 c5 2. Nf3 Nc6 3. g3 g6 4. Bg2 Bg7 5. Nc3 e6 6. O-O Nge7 7. d3 O-O 8.
a3 d5 9. Rb1 b6 10. Bf4 Bb7 11. cxd5 exd5 12. Nb5 Nf5 13. b4 cxb4 14. axb4
Ncd4 15. Nfxd4 Nxd4 16. Nxd4 Bxd4 17. b5 Qd7 18. Qa4 Bc3 19. Rfc1 Rfc8 20.
Be3 Rc7 21. Qf4 Rac8 22. h4 Bg7 23. Rxc7 Qxc7 24. Qb4 Bf8 25. Qb2 Re8 26.
Bd4 Bc5 27. e3 Bxd4 28. Qxd4 Qc5 29. Qa1 Qc7 30. Rc1 Qb8 31. h5 Rc8 32.
Rxc8+ Qxc8 33. h6 Qf8 34. Qxa7 1-0

[Event "16th TCh-RUS Premier"]
[Site "Dagomys RUS"]
[Date "2009.04.08"]
[Round "5"]
[White "Lovkov,R"]
[Black "Rychagov,A"]
[Result "1-0"]
[WhiteElo "2436"]
[BlackElo "2530"]
[EventDate "2009.04.04"]

1. d4 f5 2. c4 Nf6 3. Nc3 e6 4. e3 Bb4 5. Bd3 Bxc3+ 6. bxc3 d6 7. Ne2 O-O
8. O-O c5 9. Ng3 Nc6 10. e4 cxd4 11. cxd4 Nxd4 12. exf5 Nxf5 13. Ba3 Qa5
14. Qb3 Nxg3 15. hxg3 Qh5 16. f3 Qe5 17. Rad1 Qe3+ 18. Rf2 Kh8 19. Bb1 Ng4
20. Qxe3 Nxe3 21. Rc1 Bd7 22. Bxd6 Rfc8 23. c5 Nf5 24. Be5 Bc6 25. g4 Ne7
26. Bd6 Re8 27. Re2 Nd5 28. Kf2 Kg8 29. Be5 Ne7 30. Rh1 Ng6 31. Bd6 Bd5 32.
Rhe1 Kf7 33. f4 h6 34. f5 Nf8 35. Kg3 Rac8 36. Re5 Bc4 37. a4 b6 38. R1e4
Bb3 39. Rb4 Bd1 40. fxe6+ Nxe6 41. Re1 a5 42. Rxb6 1-0

[Event "16th TCh-RUS Premier"]
[Site "Dagomys RUS"]
[Date "2009.04.08"]
[Round "5"]
[White "Kharitonov,Alexandr"]
[Black "Ivanov,Al3"]
[Result "1-0"]
[WhiteElo "2524"]
[BlackElo "2413"]
[EventDate "2009.04.04"]

1. d4 Nf6 2. c4 e6 3. Nc3 d5 4. cxd5 exd5 5. Bg5 Be7 6. e3 c6 7. Qc2 O-O 8.
Bd3 Nbd7 9. Nf3 Re8 10. h3 Nf8 11. Bf4 Bd6 12. Bxd6 Qxd6 13. O-O-O Be6 14.
Kb1 b6 15. Rc1 Rac8 16. g4 c5 17. Ba6 Rb8 18. Nb5 Qd8 19. Ne5 Bd7 20. Nd6
Ba4 21. Qxa4 Qxd6 22. Bb5 Rec8 23. Qxa7 Qe6 24. Ba6 Re8 25. Bd3 Ra8 26. Qb7
Ne4 27. Bxe4 dxe4 28. a3 cxd4 29. exd4 Rxa3 30. Qxf7+ Qxf7 31. Nxf7 Rf3 32.
Nd6 Rd8 33. Nxe4 Rxd4 34. Rc3 Rxc3 35. Nxc3 Rf4 36. Nd5 Rxf2 37. Nxb6 Ne6
38. Nc4 Rf4 39. Ne5 Re4 40. Nc6 Nf4 41. Rh2 g5 42. Ka2 Kf7 43. b4 Re2+ 44.
Rxe2 Nxe2 45. Kb3 Ke6 46. b5 Kd6 47. Kb4 Nf4 48. Ka5 Ne6 49. Nb4 Kc7 50.
Ka6 Kb8 51. b6 Nc5+ 52. Kb5 Ne6 53. Na6+ Kc8 54. Nc5 1-0

[Event "16th TCh-RUS Premier"]
[Site "Dagomys RUS"]
[Date "2009.04.08"]
[Round "5"]
[White "Movsesian,S"]
[Black "Volokitin,And"]
[Result "0-1"]
[WhiteElo "2747"]
[BlackElo "2671"]
[EventDate "2009.04.04"]

1. e4 e5 2. Nf3 Nf6 3. Nxe5 d6 4. Nf3 Nxe4 5. c4 Be7 6. Be2 O-O 7. Nc3 Nxc3
8. dxc3 Nd7 9. O-O Re8 10. h3 Nc5 11. Qc2 Bf6 12. Be3 b6 13. Rad1 Bb7 14.
Rfe1 a5 15. Nd4 Bg5 16. Bxg5 Qxg5 17. Bf1 Re5 18. Rxe5 dxe5 19. Nb5 Ne6 20.
Qd2 Qxd2 21. Rxd2 Bc6 22. g3 f6 23. h4 Kf7 24. Bh3 Bxb5 25. cxb5 Ke7 26. a4
g6 27. Bxe6 Kxe6 28. Kg2 f5 29. Kf3 h6 30. Ke3 g5 31. hxg5 hxg5 32. c4 Rh8
33. c5 bxc5 34. Rc2 Kd5 35. Rd2+ Ke6 36. Rc2 f4+ 37. gxf4 gxf4+ 38. Ke4 Rd8
39. Rxc5 Rd4+ 40. Kf3 Rxa4 41. Rxc7 Rb4 42. Rb7 Rxb2 43. Rb8 Kd6 44. Rd8+
Kc5 45. Re8 Kd4 46. Rd8+ Kc4 47. Rc8+ Kd3 48. Rd8+ Kc2 49. Rd5 Rb3+ 50. Kg4
f3 51. Rxe5 a4 52. b6 a3 53. Re3 Rxe3 54. fxe3 a2 55. b7 a1=Q 56. b8=Q f2
57. Qc8+ Kd2 58. Qd7+ Ke1 0-1

[Event "16th TCh-RUS Premier"]
[Site "Dagomys RUS"]
[Date "2009.04.08"]
[Round "5"]
[White "Tregubov,P"]
[Black "Vitiugov,N"]
[Result "1/2-1/2"]
[WhiteElo "2628"]
[BlackElo "2688"]
[EventDate "2009.04.04"]

1. d4 d5 2. c4 dxc4 3. e3 e5 4. Bxc4 exd4 5. exd4 Bd6 6. Nf3 Nf6 7. O-O O-O
8. Ne5 Nbd7 9. Bf4 Nb6 10. Bb3 Nfd5 11. Bg3 Be6 12. Nd2 Re8 13. Ne4 Qe7 14.
Rc1 f6 15. Nxd6 cxd6 16. Nd3 Qd7 17. Re1 Bf7 18. Qd2 Ne7 19. Bxf7+ Kxf7 20.
Qa5 Nbd5 21. Qa3 Rad8 22. h3 a6 23. Nf4 Nxf4 24. Bxf4 Nd5 25. Rxe8 Kxe8 26.
Bg3 Ne7 27. Qb3 Kf8 28. Qb6 Rc8 29. Rxc8+ Nxc8 30. Qb4 Qc6 31. Qa5 d5 32.
Qd8+ Kf7 33. a4 Ne7 34. Bd6 Nf5 35. Bc5 Nxd4 36. Qe7+ Kg6 37. Bxd4 Qc1+ 38.
Kh2 Qf4+ 39. Kg1 Qxd4 40. Qxb7 Qxa4 41. Qxd5 Qa1+ 42. Kh2 Qxb2 43. Qd3+ Kh6
44. Qxa6 Qxf2 45. Qc4 f5 46. Qe6+ g6 47. Qe7 Qf4+ 48. Kh1 Qe4 49. Qc7 f4
50. Qf7 Qf5 51. Qb7 Qe6 52. Kh2 Qg8 53. Qe7 Qc4 54. Qf8+ Kg5 55. Qe7+ Kh6
56. Qf8+ Kg5 1/2-1/2

[Event "16th TCh-RUS Premier"]
[Site "Dagomys RUS"]
[Date "2009.04.08"]
[Round "5"]
[White "Popov,Val"]
[Black "Sakaev,K"]
[Result "1/2-1/2"]
[WhiteElo "2570"]
[BlackElo "2627"]
[EventDate "2009.04.04"]

1. Nf3 d5 2. d4 Nf6 3. c4 c6 4. cxd5 cxd5 5. Nc3 Nc6 6. Bf4 Bf5 7. e3 e6 8.
Bd3 Bxd3 9. Qxd3 Bd6 10. Bxd6 Qxd6 11. O-O 1/2-1/2

[Event "16th TCh-RUS Premier"]
[Site "Dagomys RUS"]
[Date "2009.04.08"]
[Round "5"]
[White "Efimenko,Z"]
[Black "Ivanov,Sergey1"]
[Result "1-0"]
[WhiteElo "2682"]
[BlackElo "2551"]
[EventDate "2009.04.04"]

1. e4 e6 2. d4 d5 3. Nd2 c5 4. Ngf3 cxd4 5. Nxd4 Nf6 6. exd5 Qxd5 7. N2f3
Nc6 8. Nxc6 Qxc6 9. Bd3 a6 10. O-O Bd6 11. b3 b5 12. a4 b4 13. Bb5 axb5 14.
axb5 Bxh2+ 15. Nxh2 Qb7 16. Rxa8 Qxa8 17. Qd6 Nd5 18. Qg3 g6 19. Ng4 h5 20.
Bb2 O-O 21. Nf6+ Nxf6 22. Qe5 Re8 23. Qxf6 e5 24. Bxe5 Rxe5 25. Qxe5 Bb7
26. Re1 Kh7 27. Qe8 1-0

[Event "16th TCh-RUS Premier"]
[Site "Dagomys RUS"]
[Date "2009.04.08"]
[Round "5"]
[White "Inarkiev,E"]
[Black "Najer,E"]
[Result "0-1"]
[WhiteElo "2676"]
[BlackElo "2669"]
[EventDate "2009.04.04"]

1. e4 e5 2. Nf3 Nc6 3. Bb5 a6 4. Ba4 Nf6 5. O-O Nxe4 6. d4 b5 7. Bb3 d5 8.
dxe5 Be6 9. Be3 Be7 10. c3 O-O 11. Nbd2 Qd7 12. h3 Bf5 13. Re1 Rad8 14. a4
b4 15. Nxe4 dxe4 16. Qxd7 Bxd7 17. Nd2 bxc3 18. bxc3 Nxe5 19. Nxe4 Nd3 20.
Re2 Bc6 21. Bd4 Rfe8 22. f3 Nf4 23. Re3 Bd5 24. Bxd5 Nxd5 25. Ree1 f5 26.
Ng3 g6 27. c4 Nb6 28. Rxe7 Rxe7 29. Bf6 Rde8 30. Bxe7 Rxe7 31. c5 Nd7 32.
Rc1 Re5 33. c6 Nb6 34. Nf1 Kf7 35. Nd2 Ra5 36. Nb3 Rxa4 37. Nc5 Ra5 38. g4
Nd5 39. gxf5 gxf5 40. Kf2 Kf6 41. Kg3 Ra2 42. Rd1 f4+ 43. Kh4 Ke5 44. Nd3+
Ke6 45. Rc1 Ra3 46. Nc5+ Kf5 47. Rg1 h6 48. Rd1 Ne3 49. Rd7 Kg6 50. Rd2 h5
51. Ne6 Nf5+ 0-1

[Event "16th TCh-RUS Premier"]
[Site "Dagomys RUS"]
[Date "2009.04.08"]
[Round "5"]
[White "Tkachiev,V"]
[Black "Riazantsev,A"]
[Result "1/2-1/2"]
[WhiteElo "2657"]
[BlackElo "2635"]
[EventDate "2009.04.04"]

1. d4 Nf6 2. c4 e6 3. Nf3 d5 4. Nc3 Be7 5. Bg5 h6 6. Bh4 O-O 7. e3 b6 8.
Be2 dxc4 9. Bxc4 Bb7 10. O-O Nbd7 11. Qe2 a6 12. Rfd1 b5 13. Bd3 Qe8 14.
Rac1 c5 15. Bxf6 Bxf6 16. Be4 Qb8 17. Bxb7 Qxb7 18. dxc5 Nxc5 19. Nd5 Ne4
20. Rc7 Qb8 21. Nxf6+ Nxf6 22. Rdc1 Nd5 23. R7c5 Qb7 24. Qc2 Nb6 25. Rc7
Qd5 26. Qc6 Qxc6 27. R7xc6 Rfc8 28. Kf1 Nc4 29. Rxc8+ Rxc8 30. Ke2 Kf8 31.
b3 Nd6 32. Rxc8+ Nxc8 33. Kd3 Ke7 34. Kc3 a5 35. Nd4 Na7 36. b4 a4 37. f4
f6 38. Kd3 g6 39. a3 e5 40. fxe5 fxe5 41. Nf3 Ke6 42. Ke4 Nc8 43. Nxe5 Nd6+
44. Kd4 Nf5+ 45. Ke4 Nd6+ 1/2-1/2

[Event "16th TCh-RUS Premier"]
[Site "Dagomys RUS"]
[Date "2009.04.08"]
[Round "5"]
[White "Nepomniachtchi,I"]
[Black "Amonatov,F"]
[Result "1/2-1/2"]
[WhiteElo "2624"]
[BlackElo "2648"]
[EventDate "2009.04.04"]

1. e4 c5 2. Nf3 d6 3. d4 cxd4 4. Nxd4 Nf6 5. Nc3 Nc6 6. Bc4 e6 7. Be3 a6 8.
Qe2 Be7 9. O-O-O Qc7 10. Rhg1 Na5 11. Bd3 b5 12. f4 Bb7 13. f5 e5 14. Nb3
Nxb3+ 15. axb3 b4 16. Na4 Nxe4 17. g4 h6 18. Kb1 Nf6 19. Nb6 Rb8 20. Qf1 d5
21. Na4 d4 22. Bc1 Nd5 23. h4 Bxh4 24. Rh1 Be7 25. Rh3 Nf4 26. Bxf4 exf4
27. Bxa6 Bxa6 28. Qxa6 O-O 29. f6 Bxf6 30. Rxh6 gxh6 31. Qxf6 Rfd8 32. Qxh6
Qd6 33. Qg5+ Qg6 34. Qxf4 Rbc8 35. Rd3 Rc6 36. Qe5 Rdc8 37. Ka2 Rxc2 38.
Rh3 Qg7 39. Qd6 R2c6 40. Qxb4 Qxg4 41. Rd3 Rd8 42. Qe7 Rcd6 43. Nc5 Ra8+
44. Na4 Rg6 45. Qb4 Rd8 46. Qc4 Qe4 47. b4 Qe5 48. b5 Rg3 49. Nc5 Rxd3 50.
Nxd3 Qd6 51. b4 Qh2+ 52. Kb3 Ra8 53. Nb2 Qh3+ 54. Nd3 Rc8 55. Qxd4 Qe6+ 56.
Ka3 Ra8+ 57. Kb2 Qe2+ 58. Kc1 Qf1+ 59. Kc2 Qe2+ 60. Kc1 Qf1+ 61. Kc2 Qg2+
62. Kb1 Rc8 63. Nc5 Re8 64. Qd1 Qg3 65. Kb2 Qf2+ 66. Kc3 Qg3+ 67. Kc4 Qf4+
1/2-1/2

[Event "16th TCh-RUS Premier"]
[Site "Dagomys RUS"]
[Date "2009.04.09"]
[Round "6"]
[White "Timofeev,Arty"]
[Black "Movsesian,S"]
[Result "1/2-1/2"]
[WhiteElo "2677"]
[BlackElo "2747"]
[EventDate "2009.04.04"]

1. e4 c5 2. Nf3 e6 3. d4 cxd4 4. Nxd4 Nf6 5. Nc3 d6 6. g4 h6 7. h3 a6 8.
Bg2 Nc6 9. Be3 Ne5 10. Qe2 g5 11. f4 gxf4 12. Bxf4 Bd7 13. O-O-O Rc8 14.
Kb1 Be7 15. Rhf1 Rxc3 16. bxc3 Qc7 17. Qe1 Nc4 18. Bc1 Ne5 19. Ka1 Ba4 20.
g5 hxg5 21. Bxg5 Nfd7 22. Bxe7 Kxe7 23. Qg3 Rc8 24. Qh4+ Ke8 25. Qh8+ Ke7
26. Qh4+ Ke8 27. Qh8+ 1/2-1/2

[Event "16th TCh-RUS Premier"]
[Site "Dagomys RUS"]
[Date "2009.04.09"]
[Round "6"]
[White "Vitiugov,N"]
[Black "Tiviakov,S"]
[Result "1/2-1/2"]
[WhiteElo "2688"]
[BlackElo "2697"]
[EventDate "2009.04.04"]

1. d4 Nf6 2. c4 e6 3. Nc3 Bb4 4. Qc2 d5 5. cxd5 Qxd5 6. Nf3 Qf5 7. Qb3 c5
8. a3 Bxc3+ 9. Qxc3 Nbd7 10. g4 Qe4 11. dxc5 O-O 12. g5 Nd5 13. Qd4 Qxd4
14. Nxd4 Nxc5 15. Bg2 Rd8 16. b4 e5 17. bxc5 exd4 18. Rb1 b6 19. cxb6 axb6
20. Bxd5 Rxd5 21. Rxb6 Ba6 22. h4 Re5 23. e3 Rc5 24. Bd2 dxe3 25. fxe3 Rc2
26. h5 Ra2 27. Rh4 Ra1+ 28. Kf2 Rxa3 29. Rhb4 Rd3 30. Rb8+ Rd8 31. Rxa8
Rxa8 32. Bc3 Rc8 33. Bd4 Rc6 34. Rb8+ Rc8 35. Rb6 Bd3 36. Kg3 Re8 37. h6 g6
38. Kf2 Bf5 39. Ke2 Bg4+ 40. Kd3 Bf5+ 41. Kc4 Be6+ 42. Kc5 Bf5 43. Rb7
1/2-1/2

[Event "16th TCh-RUS Premier"]
[Site "Dagomys RUS"]
[Date "2009.04.09"]
[Round "6"]
[White "Khismatullin,D"]
[Black "Efimenko,Z"]
[Result "1/2-1/2"]
[WhiteElo "2601"]
[BlackElo "2682"]
[EventDate "2009.04.04"]

1. c4 Nf6 2. Nc3 e5 3. g3 Bb4 4. Bg2 O-O 5. Nf3 d6 6. O-O Re8 7. d3 Bxc3 8.
bxc3 e4 9. Ng5 exd3 10. exd3 Nbd7 11. Rb1 Rb8 12. Rb2 b6 13. f4 Bb7 14.
Bxb7 Rxb7 15. Qf3 Qa8 16. g4 Rbb8 17. Qh3 Nc5 18. Rg2 d5 19. Be3 Ncd7 20.
Bd4 dxc4 21. Nxf7 Kxf7 22. g5 Qc6 23. dxc4 Rbd8 24. f5 Re4 25. Rg3 Rxd4 26.
cxd4 Qxc4 27. gxf6 Qxd4+ 28. Kh1 Qe4+ 29. Rg2 Nxf6 30. Qg3 Ne8 31. f6 g6
32. Qh3 h5 33. Qc3 Rd3 34. Qc1 Re3 35. Kg1 h4 36. Qd1 Rd3 37. Qg4 Qxg4 38.
Rxg4 Nxf6 39. Rxh4 Kg7 40. Ra4 a5 41. Raf4 Rd6 42. h4 b5 43. Rc1 c6 44. a4
Nd7 45. axb5 cxb5 46. Rc7 b4 47. Kg2 Kh6 48. Ra7 b3 49. Rxa5 Rb6 50. Rf1 b2
51. Rb1 Nf6 52. Ra2 Kh5 1/2-1/2

[Event "16th TCh-RUS Premier"]
[Site "Dagomys RUS"]
[Date "2009.04.09"]
[Round "6"]
[White "Volkov,Sergey1"]
[Black "Chadaev,N"]
[Result "1-0"]
[WhiteElo "2594"]
[BlackElo "2557"]
[EventDate "2009.04.04"]

1. d4 Nf6 2. c4 e6 3. Nc3 Bb4 4. e3 O-O 5. Nge2 Re8 6. a3 Bf8 7. d5 exd5 8.
cxd5 c5 9. Ng3 d6 10. Be2 g6 11. e4 a6 12. a4 b6 13. O-O Bg7 14. Re1 Ra7
15. f3 Rae7 16. Bf4 Qc7 17. Qd2 Nbd7 18. Rac1 h5 19. Bg5 c4 20. Kh1 Bb7 21.
Nf1 Qc5 22. b3 b5 23. axb5 axb5 24. Be3 Qb4 25. bxc4 bxc4 26. Rb1 Nxe4 27.
Nxe4 Qxd2 28. Bxd2 Bxd5 29. Nxd6 c3 30. Bg5 c2 31. Rbc1 Rxe2 32. Nxe8 Rxe1
33. Rxe1 Bc3 34. Bd2 Bb2 35. Bc1 1-0

[Event "16th TCh-RUS Premier"]
[Site "Dagomys RUS"]
[Date "2009.04.09"]
[Round "6"]
[White "Ivanov,Sergey1"]
[Black "Kharitonov,Alexandr"]
[Result "1/2-1/2"]
[WhiteElo "2551"]
[BlackElo "2524"]
[EventDate "2009.04.04"]

1. d4 d5 2. c4 c6 3. Nf3 Nf6 4. Nc3 dxc4 5. a4 e6 6. e3 c5 7. Bxc4 Nc6 8.
O-O Be7 9. Qe2 cxd4 10. Rd1 O-O 11. Nxd4 Qc7 12. Nxc6 bxc6 13. b3 Bb7 14.
Bb2 Rfd8 15. h3 Rxd1+ 16. Rxd1 Rd8 17. Rxd8+ Qxd8 18. Qd3 Qc7 19. Ne4 Nxe4
20. Qxe4 c5 21. Qg4 Bf8 22. h4 Qd6 23. h5 g6 24. hxg6 hxg6 25. Qg5 Bg7 26.
Bf6 Bxf6 27. Qxf6 Bd5 28. Qc3 Bxc4 29. Qxc4 a6 30. a5 Kf8 31. e4 Ke7 32. g3
Kd7 33. e5 Qd1+ 34. Kh2 Qd4 35. Kg2 Qd5+ 36. Kg1 Qd1+ 37. Kg2 Qd5+ 38. Kh2
Qd4 39. Kg2 1/2-1/2

[Event "16th TCh-RUS Premier"]
[Site "Dagomys RUS"]
[Date "2009.04.09"]
[Round "6"]
[White "Levin,Ev"]
[Black "Shirov,A"]
[Result "1/2-1/2"]
[WhiteElo "2456"]
[BlackElo "2745"]
[EventDate "2009.04.04"]

1. d4 Nf6 2. c4 g6 3. Nc3 d5 4. Bf4 Bg7 5. e3 c5 6. dxc5 Qa5 7. Rc1 dxc4 8.
Bxc4 O-O 9. Nf3 Qxc5 10. Bb3 Nc6 11. O-O Qa5 12. Qe2 Nh5 13. Bg5 Bg4 14.
Ne4 Qf5 15. Bc2 Qe6 16. Bb1 Ne5 17. Rc7 Nf6 18. Nxf6+ exf6 19. Bf4 Nxf3+
20. gxf3 Bh5 21. Kg2 f5 22. Rd1 Rad8 23. Rxd8 Rxd8 24. Rxb7 h6 25. Rb8 Rxb8
26. Bxb8 Qb6 27. Bg3 Bxb2 28. Bd3 Bf6 29. e4 fxe4 30. Qxe4 Kg7 31. Qd5 Qd4
32. Qe4 Qc5 33. Bc2 Qa5 34. Bb3 g5 35. Bc2 Bg6 36. Qc4 Qc3 37. Qxc3 Bxc3
38. Bxg6 Kxg6 39. Bb8 a6 40. h3 Kf5 41. Kf1 Bd4 42. Ke2 Bb6 43. Bd6 h5 44.
Be7 a5 45. Ba3 a4 46. Bc1 Bd4 47. Bd2 f6 48. Ba5 Ke5 49. Bd8 Ke6 50. Bc7
Kd5 51. Bd8 Kc4 52. Kd2 Bc3+ 53. Kc2 Be5 54. Be7 Bd4 55. Bd8 f5 56. Bxg5
Bxf2 57. Bf6 Bd4 58. Bg5 1/2-1/2

[Event "16th TCh-RUS Premier"]
[Site "Dagomys RUS"]
[Date "2009.04.10"]
[Round "7"]
[White "Ionov,S"]
[Black "Moiseenko,A1"]
[Result "1-0"]
[WhiteElo "2538"]
[BlackElo "2690"]
[EventDate "2009.04.04"]

1. Nf3 c5 2. c4 Nc6 3. d4 cxd4 4. Nxd4 Nf6 5. g3 Qb6 6. Nc2 h5 7. Bg2 h4 8.
O-O hxg3 9. hxg3 Qc5 10. e4 d6 11. Be3 Qxc4 12. Nba3 Qa6 13. b4 Nxb4 14.
Nxb4 Qxa3 15. Nd5 Nxd5 16. Qxd5 Qa4 17. Rfc1 e6 18. Qg5 Bd7 19. Rc7 g6 20.
Qf6 Rh5 21. Rxb7 Be7 22. Qg7 Bf8 23. Qf6 Be7 24. Qg7 Bf8 25. Qg8 Rc8 26.
Rab1 Ke7 27. Rxa7 Qxa7 28. Bxa7 Bh6 29. Qxc8 Bxc8 30. Rb8 Kd7 31. Bf1 Kc7
32. Rb4 Bd2 33. Bb8+ Kc6 34. Rd4 Ba5 35. Bxd6 Bb6 36. Rd2 Ba5 37. Rd1 Bb6
38. a4 Kb7 39. e5 Rf5 40. Rd2 Ka7 41. a5 Bxa5 42. Ra2 Kb6 43. Rb2+ Kc6 44.
Rb8 Bb6 45. Rxc8+ Kd7 46. Rc2 1-0